Yang terbaik daripada Awang Selamat : koleksi pilihan 1987-1992
| Format: | Book |
|---|---|
| Published: |
Kuala Lumpur :
Utusan Publications & DistributorsSdn.Bhd. ,
1994
|
| Subjects: |
MARC
| LEADER | 00000cam a2200000 7i4500 | ||
|---|---|---|---|
| 001 | 0000006939 | ||
| 002 | 000007474 | ||
| 005 | 20080515.0 | ||
| 020 | |a 9676104094 | ||
| 090 | 0 | 0 | |a 899.2 |b YAN |
| 245 | 0 | 0 | |a Yang terbaik daripada Awang Selamat : |b koleksi pilihan 1987-1992 |
| 260 | |a Kuala Lumpur : |b Utusan Publications & DistributorsSdn.Bhd. , |c 1994 | ||
| 300 | |a 524p. ; |c 18cm. | ||
| 650 | 0 | 0 | |a Malay Essays |x Malay literature |y To 1900 |
| 999 | |a 054540 |b BUKU |c PINJAMAN |e PERPUSTAKAAN KOMUNITI PETALING JAYA | ||
| 999 | |a 054541 |b BUKU |c PINJAMAN |e PERPUSTAKAAN KOMUNITI PETALING JAYA | ||